000 01207nam a22003497a 4500
003 CHAP
005 20220329140454.0
008 971013s1974 r 00010 d
010 _a52466
011 _a53438
035 _a57588
040 _cCHAP
090 _aFolleto 6711
100 0 0 _aFerrer, Aldo.
_940409
245 _aTecnología y política económica en América Latina
260 _aBuenos Aires :
_bPaidós,
_c1974
300 _a132 p.
490 _aBiblioteca de economía, política, sociedad. Serie mayor
_v; 19
590 _aBATCH-UPD
_b10
_c20130110
_lUCH01
_h0729
590 _aBATCH-UPD
_b10
_c20130110
_lUCH01
_h2338
590 _aBATCH-UPD
_b10
_c20130410
_lUCH01
_h0412
590 _aBATCH-UPD
_b10
_c20130914
_lUCH01
_h1357
590 _aCONVERSION
_b10
_c20130109
_lUCH01
_h1328
650 1 4 _aAmerica Latina
_xCondiciones economicas.
_95390
650 1 4 _aPolítica científica
_xAmérica Latina.
_990460
650 1 4 _aPolítica económica
_zAmérica Latina.
_990532
650 1 4 _aTecnología.
_9111937
830 0 _aBiblioteca de economía, política, sociedad. Serie mayor
_v; 19
_912306
901 _aBK
942 _cFOLL
949 _aFolleto 6711
_bBC
_cFOLL
_d-125202
_eTS1
_i57588
_si
999 _c52466
_d52466